000 00595nam a22001937a 4500
003 OSt
005 20250703015616.0
008 250703b |||||||| |||| 00| 0 eng d
020 _a9786214270224
040 _aDWCL - Main lib
_cOC
082 _aFil. 337 A712c 2018
100 _aAriola, Mariano M.
245 _aThe contemporary world/
_cMariano M. Ariola
260 _aManila:
_bUnlimited books library services and publishing,
_cc2018.
300 _ax , 131 pages :
_billustrations ;
_c23cm.
650 _a1. Globalization
650 _a2. Social Change
942 _2ddc
_cBK - FIL
_kFil.
_n0
999 _c3360
_d3360